| 000 | 00511nam a2200193Ia 4500 | ||
|---|---|---|---|
| 005 | 20250923144735.0 | ||
| 008 | 008 250917s9999 xx 000 0 eng d | ||
| 037 | _aTextual | ||
| 040 |
_aDSWL _beng _cDSWL |
||
| 041 |
_aeng _2eng |
||
| 084 |
_aL7zt, N60 _qDSWL |
||
| 245 | 0 |
_aChronic schizoid- phrenia _cEd. by Lawrence Appleby |
|
| 260 |
_bFree Press of Glencoe _c1960 |
||
| 300 | _axvi,368p. | ||
| 365 |
_aUSD _b6 |
||
| 925 | _g6 | ||
| 942 |
_cTEXL _hL7zt, N60 |
||
| 999 |
_c1442744 _d1442744 |
||